| 000 | 00682nam a2200241Ia 4500 | ||
|---|---|---|---|
| 003 | OSt | ||
| 005 | 20221005095856.0 | ||
| 006 | a|||||r|||| 00| 0 | ||
| 007 | ta | ||
| 008 | 221004b |||||||| |||| 00| 0 eng d | ||
| 024 | _a24724 | ||
| 037 | _cTextual | ||
| 040 |
_aCRL _cCRL _beng |
||
| 041 |
_2eng _aeng |
||
| 082 | _aV693:2, N3 | ||
| 100 |
_aFrancaise Anglaise Et _9620493 |
||
| 245 | 0 | _aLa constitution de la republique de Maurice | |
| 260 |
_aPort _bLouis Best Graphics Mauritius _c1993 |
||
| 300 |
_a292p. _ccm. |
||
| 650 |
_aCONSTITUTIONS - MAURITIUS _9620494 |
||
| 942 |
_hV693:2, N3 _cTEXL _2cc |
||
| 999 |
_c1004315 _d1004315 |
||